000 00507nam a2200193Ia 4500
003 GCL
008 140319s9999 xx 000 0 eng d
040 _aGCL /
_cGCL
082 0 4 _a005.43
_bJ P
100 1 _aJANOSSY, JAMES G.
245 1 0 _aPRACTICAL MVX JCL EXAMPLES /
_cJANOSSY, JAMES G.
260 _a[S.N] :
_bJOHN WILEY AND SONS. INC ،
_c1993
300 _a378 P
650 0 4 _aPROGRAMMING
650 0 4 _aJOB CONTROL LANGUAGE
650 0 4 _aIBM COMPUTERS
650 0 4 _aCOMPUTER
942 _2ddc
_cBK
999 _c23963
_d23963